000 00852nam a22002537a 4500
003 UA-OsUOA
001 106467
007 ta
008 20140523b un ||||| |||| 00| 0 ukr d
100 _aВінцукевич П. М.
090 _a215
_bВ55
942 _cBK
040 _aUA-OsUOA
_bukr
_cUA-OsUOA
_dUA-OsUOA
245 _aЗалишаюся з Христом (Що таке істина)
_bзбірник філософських та історичних статей
300 _a160 с.
955 _a1
041 _aukr
080 _a215
020 _a966-8468-23-6
591 _aЖулинський М. Г,
260 _aЛуцьк
_bВОД
_c2004
650 7 _a21 Природна теологія. Теодицея (Бог). Раціональна теологія Релігійна філософія
_2UDC
999 _c354914
_d354914